Państwa śródlądowe cz.1 Europa - Statystyki

Ogólne statystyki
  • Ten quiz został rozwiązany 44 razy
  • Średni wynik to 15 z 15
Statystyki odpowiedzi
kontynent kraj % Poprawnych
Europa Andora
100%
Europa Austria
100%
Europa Czechy
100%
Europa Liechtenstein
100%
Europa Mołdawia
100%
Europa Słowacja
100%
Europa Węgry
100%
Europa Luksemburg
97%
Europa San Marino
97%
Europa Serbia
97%
Europa Szwajcaria
97%
Europa Białoruś
94%
Europa Macedonia Północna
94%
Europa Watykan
94%
Europa Kosowo
89%
Nie znaleziono quizów pasujących do podanych kryteriów
Rozkład punktacji
Procent ludzi z każdym wynikiem
Percentyl według liczby udzielonych odpowiedzi
Twoja historia wyników
Nie rozwiązałeś tego quizu